Score 0/7 Timer 00:30
0 Plays Today
% Correct
Yemen
85.7%
Oman
85.4%
United Arab Emirates
83.7%
Kuwait
78.7%
Qatar
76.2%
Iraq
71.6%
Jordan
68.5%

Today's Daily Dose

You're not logged in!

Compare scores with friends on all Sporcle quizzes.
OR
Log In

Sporcle TV

Today on Sporcle TV


Watch our educational content, quiz creation guides, and fun videos on Sporcle TV.

Show Comments

Extras

Top Quizzes Today


Score Distribution

Paid Content

Your Account Isn't Verified!

In order to create a playlist on Sporcle, you need to verify the email address you used during registration. Go to your Sporcle Settings to finish the process.

Report this User

Report this user for behavior that violates our Community Guidelines.

Details: